Présidents des Seychelles - Statistiques

Statistiques générales
  • Ce quiz a été pris 22 fois
  • Le résultat moyen est 4 sur 5
Statistiques - réponses
Mandat Réponse % Correct
2016-2020 Danny Faure
100%
1977-2004 France-Albert René
100%
2004-2016 James Michel
86%
2020-maintenant Wavel Ramkalawan
86%
1976-1977 James Mancham
71%
Aucun quiz correspondant
Distribution des résultats
% des personnes avec chaque résultat
Percentile par nombre de réponses
Votre historique - résultats
Vous n’avez pas pris ce quiz